Resident Evil Village (2021) Quiz - Statistics

General Stats
  • This quiz has been taken 150 times
    130 since last reset
  • The average score is 18 of 41
Answer Stats
Hint Answer % Correct
The main protagonist. Ethan Winters
99%
Their kidnapped daughter. Rose Winters
97%
Series staple and BSAA operative who "kills" the protagonist's wife. Chris Redfield
95%
The protagonist's wife. Mia Winters
95%
Tall, vampiric member of the Four Lords, the first that the protagonist faces. She lives in an old castle. Lady Dimitrescu
87%
The enigmatic merchant who appears throughout the village. Duke
84%
The secret ingredient of the wine made in Castle Dimitrescu. Blood
83%
The fourth lord, a hammer-wielding, theatrical man who resides in the factory close to the town. He wishes to betray the Four Lords. Karl Heisenberg
76%
Her brunette daughter. Cassandra
71%
The third lord, a cowardly, hunchbacked fish-man. He lives in the village resevoir. Salvatore Moreau
69%
The above's blonde daughter. Bela
67%
What exposes the daughters' weakness Cold
67%
The previous game in the series. Resident Evil Biohazard
65%
The terrifying hallucination summoned in this lord's basement. Baby
63%
Who Chris really killed at the beginning of the game, and the game's main antagonist. Mother Miranda
63%
Her doll, which wears a wedding dress. Angie
62%
Creepy, dollmaking second member of the Four Lords. Donna Beneviento
62%
Her redheaded daughter. Daniella
57%
The currency found in the village used to buy items from the above. Lei
53%
What defeats the second lord's doll, and by extension, the second lord. Scissors
51%
Who greets Ethan after his heart is ripped out, and tells him he is dead. Eveline
43%
The four key items the protagonist must collect from the Four Lords. Flasks
38%
The parasite keeping him alive. Mold
35%
The daughter the main antagonist wishes to resurrect through Rose. Eva
34%
The name of the parasite used by the above. Cadou
33%
Vehicle the protagonist uses to take down this lord. Tank
28%
Destructible wooden statues said to protect the village take the form of... Goat
27%
Powerful revolver found after defeating the above. Wolfsbane
20%
Name of this lord's creations, most common enemy type in the factory. Soldat
14%
The scientific name of the above. Mutamycete
13%
Miniboss fought in this lord's factory, a hulking cyborg with enough power to break down walls. Sturm
10%
Heisenberg's voice actor (Hint: Best known for voicing Astarion in Baldur's Gate III) Neil Newbon
7%
Ethan's voice actor. Todd Soley
2%
Moreau's voice actor. Jesse Pimental
1%
Lady Dimitrescu's voice actor. Maggie Robertson
1%
The fourth lord has electrical organs similar to the... Narke Japonica
1%
Angie's voice actor. Paula Rhodes
1%
Donna's voice actor. Andi Norris
0%
Chris' voice actor (also voiced Carlos in RE3make.) Jeff Schine
0%
Mia's voice actor. Katie O'Hagan
0%
Miranda's voice actor. Michelle Lukes
0%
No matching quizzes found
Score Distribution
Percent of People with Each Score
Percentile by Number Answered
Your Score History
You have not taken this quiz since the last reset